| 000 | 00625nam a2200181Ia 4500 | ||
|---|---|---|---|
| 005 | 20250508155659.0 | ||
| 008 | 008 250505s9999 xx 000 0 eng d | ||
| 037 | _aTextual | ||
| 040 |
_aFEDL _beng _cFEDL |
||
| 041 |
_aeng _2eng |
||
| 084 |
_a510.639 42, COM _qFEDL |
||
| 245 | 0 | _aMathematics in commonwealth schools: Report of a specialist conference held at the University of the West Indies, Trinidad September 1968 | |
| 245 | 0 | _cCommonwealth Secretariat | |
| 260 |
_aLondon, UK _bCommonwealth Secretariat _c1969 |
||
| 300 | _a197p | ||
| 942 |
_cTEXL _h510.639 42, COM |
||
| 999 |
_c1358769 _d1358769 |
||